Three Letter 'W' Words Quiz Stats

Quiz Updated Mar 26, 2016

Challenge
Share
Tweet
Embed
Score 0/36 Timer 03:00
3 Plays Today
Word % Correct
was
96.8%
wad
95%
war
94.8%
wan
94.6%
wet
93.8%
wag
93.5%
wat
93%
win
92.3%
wed
91.5%
wap
90.7%
web
89.9%
way
89.8%
wit
89.3%
wab
88.6%
wen
88.3%
wax
88.2%
won
87.7%
wae
83.8%
Word % Correct
wee
83%
waw
81.9%
wig
81.6%
wot
74.5%
wis
74%
wow
71%
why
68.9%
woe
68.1%
who
67.1%
wos
65.8%
wok
65.7%
woo
65.6%
wiz
64%
wha
48.3%
wud
42.5%
wry
34.3%
wye
30.1%
wyn
19.7%

You're not logged in!

Compare scores with friends on all Sporcle quizzes.
Join for Free
OR
Log In

You Might Also Like...

Show Comments

Extras

Top Quizzes Today


Score Distribution

Your Account Isn't Verified!

In order to create a playlist on Sporcle, you need to verify the email address you used during registration. Go to your Sporcle Settings to finish the process.

Report this User

Report this user for behavior that violates our Community Guidelines.

Details: